Practical english usage (Record no. 42184)

MARC details
000 -LEADER
fixed length control field 00417nam a2200181Ia 4500
020 ## - INTERNATIONAL STANDARD BOOK NUMBER
ISBN 0-19-442124-4
050 ## - CALL MARK
Classification number PE1106.S94
100 ## - STATEMENT OF RESPONSIBILITY--MAIN AUTHOR NAME
Personal name Michael Swan
245 #0 - TITLE STATEMENT
Title Practical english usage
260 ## - PUBLICATION, DISTRIBUTION, ETC. (IMPRINT)
Place of publication Hong Kong
260 ## - PUBLICATION, DISTRIBUTION, ETC. (IMPRINT)
Name of publisher Oxford university press
260 ## - PUBLICATION, DISTRIBUTION, ETC. (IMPRINT)
Year of publication 1980
300 ## - PHYSICAL DESCRIPTION
Number of Pages 639 p
650 ## - SUBJECT ADDED ENTRY--TOPICAL TERM
Topical Term Hong Kong
942 ## - ADDED ENTRY ELEMENTS (KOHA)
Koha item type Books

No items available.